[Event "TCh-GEO Club 2016"]
[Site "Lagodekhi GEO"]
[Date "2016.09.25"]
[Round "4.3"]
[Board "5"]
[White "Kokaia, Guram"]
[Black "Harutyunian, Tigran K."]
[Result "0-1"]
[BlackTitle "IM"]
[WhiteElo "2101"]
[BlackElo "2480"]
[WhiteTeam "Imereti - Kutaisi"]
[BlackTeam "Adchara - Nona"]
[WhiteFideId "13609599"]
[BlackFideId "13303635"]
[EventDate "2016.09.22"]

1. e4 e5 2. Nf3 Nc6 3. Bb5 Nge7 4. O-O g6 5. c3 a6 6. Ba4 Bg7 7. d4 exd4 8. cxd4
b5 9. Bc2 d6 10. h3 O-O 11. Nc3 Na5 12. Bf4 Nc4 13. Qc1 c5 14. Bh6 Nc6 15. Bxg7
Kxg7 16. d5 N6e5 17. Nxe5 dxe5 18. b3 Nd6 19. f4 Qe7 20. f5 f6 21. fxg6 hxg6 22.
Qe3 Bd7 23. Rf2 c4 24. Raf1 b4 25. Ne2 Bb5 26. bxc4 Bxc4 27. Bb3 Rac8 28. h4
Bxe2 29. Qxe2 Qa7 30. Qg4 f5 31. Qg3 Nxe4 32. Qxe5+ Kh7 33. Qf4 Rf6 34. g4 fxg4
35. Qxg4 Rxf2 0-1

[Event "TCh-GEO Club 2016"]
[Site "Lagodekhi GEO"]
[Date "2016.09.25"]
[Round "4.3"]
[Board "6"]
[White "Saduakassova, Dinara"]
[Black "Jalaghonia, Nino"]
[Result "1-0"]
[WhiteTitle "WGM"]
[BlackTitle "WFM"]
[WhiteElo "2423"]
[BlackElo "1902"]
[WhiteTeam "Adchara - Nona"]
[BlackTeam "Imereti - Kutaisi"]
[WhiteFideId "13700090"]
[BlackFideId "13605895"]
[EventDate "2016.09.22"]

1. d4 Nf6 2. c4 e6 3. Nf3 b6 4. g3 Bb4+ 5. Bd2 Be7 6. Bg2 c6 7. O-O O-O 8. Qc2
d5 9. Bf4 Bb7 10. Rd1 Nbd7 11. Nc3 Rc8 12. b3 Qe8 13. e4 dxe4 14. Nxe4 Nxe4 15.
Qxe4 Nf6 16. Qc2 c5 17. dxc5 Rxc5 18. Be3 Rh5 19. Qe2 Qa8 20. Ne1 Re5 21. Bxb7
Qxb7 22. Qf3 Qc8 23. Qg2 Ng4 24. Bd4 Ra5 25. h3 Nh6 26. Bc3 Rc5 27. Nd3 Rc7 28.
g4 f5 29. Re1 fxg4 30. hxg4 Rc6 31. Rad1 Bg5 32. Ne5 Rc7 33. Bb4 Re8 34. Re2 Nf7
35. Nf3 Bf4 36. Rde1 e5 37. Bc3 Rce7 38. Bd2 Qc7 39. Bb4 Re6 40. Re4 Rd8 41.
Rxf4 1-0

[Event "TCh-GEO Club 2016"]
[Site "Lagodekhi GEO"]
[Date "2016.09.25"]
[Round "4.4"]
[Board "1"]
[White "Gelashvili, Tamaz"]
[Black "Volkov, Nika"]
[Result "1-0"]
[WhiteTitle "GM"]
[WhiteElo "2575"]
[BlackElo "2102"]
[WhiteTeam "Kvemo Kartli - Rustavi"]
[BlackTeam "Racha-Lechkhumi - Ambrolauri"]
[WhiteFideId "13600702"]
[BlackFideId "13604376"]
[EventDate "2016.09.22"]

1. e4 c5 2. b3 d6 3. Bb2 Nf6 4. Bb5+ Nbd7 5. Qf3 g6 6. Bxf6 exf6 7. Qg3 a6 8.
Bxd7+ Bxd7 9. Nc3 Bc6 10. Nge2 Bg7 11. O-O O-O 12. Nf4 b5 13. Rae1 Qa5 14. Nfd5
Bxd5 15. Nxd5 Qxa2 16. Qd3 c4 17. bxc4 bxc4 18. Qc3 f5 19. e5 Bxe5 20. Rxe5 dxe5
21. h4 Qa4 22. Nf6+ Kh8 23. Qxe5 Qc6 24. Qc3 Rad8 25. h5 gxh5 26. Rb1 Rg8 27.
Nxg8+ Kxg8 28. Qg3+ Qg6 29. Qc7 Qd6 30. Qxc4 Qxd2 31. Rb3 Rd4 32. Qc8+ Kg7 33.
Rg3+ Rg4 34. Qxf5 Rxg3 35. fxg3 a5 36. Kh2 f6 37. c4 h4 38. gxh4 a4 39. Qg4+ Kh6
40. c5 a3 41. Qf3 Qb2 42. Qf4+ Kg7 43. c6 a2 44. c7 a1=Q 45. Qg3+ Kf7 46. c8=Q
Qe5 47. Qg8+ Ke7 48. Qxh7+ Kf8 49. Qg8+ Ke7 50. Qg7+ Ke6 51. Qg4+ Kf7 52. Qg8+
Ke7 53. Qg7+ Ke6 54. Qxe5+ Qxe5+ 55. Kh3 Qc3+ 56. Qg3 Qc2 57. Qe3+ Kf7 58. g4 f5
59. g5 Qc4 60. Qa7+ Kg8 61. Qa8+ Kf7 62. Qb7+ Ke6 63. Qf3 Qc1 64. Qe2+ Kd5 65.
g6 Qc3+ 66. Kg2 Kd6 67. h5 Qc6+ 68. Kh2 Qc1 69. g7 Qg5 70. Qa6+ Ke7 71. Qa3+ Kd7
72. Qa4+ Ke7 73. Qb4+ Kd7 74. Qb5+ Kc7 75. Qc4+ 1-0

[Event "TCh-GEO Club 2016"]
[Site "Lagodekhi GEO"]
[Date "2016.09.25"]
[Round "4.4"]
[Board "2"]
[White "Petriashvili, Nikoloz"]
[Black "Sanikidze, Tornike"]
[Result "0-1"]
[BlackTitle "GM"]
[WhiteElo "2167"]
[BlackElo "2497"]
[WhiteTeam "Racha-Lechkhumi - Ambrolauri"]
[BlackTeam "Kvemo Kartli - Rustavi"]
[WhiteFideId "13611216"]
[BlackFideId "13602608"]
[EventDate "2016.09.22"]

1. Nf3 Nf6 2. g3 d5 3. Bg2 c6 4. O-O Bf5 5. b3 h6 6. Bb2 e6 7. d3 Be7 8. Nbd2
O-O 9. Re1 a5 10. e4 Bh7 11. a3 Na6 12. Ne5 Nc5 13. Qe2 Re8 14. Kh1 Nfd7 15. f4
Nxe5 16. fxe5 b5 17. Rf1 Rc8 18. h4 Rf8 19. Rf2 Qc7 20. Raf1 Nd7 21. d4 Nb6 22.
c4 dxc4 23. bxc4 Na4 24. Ba1 Bxa3 25. cxb5 cxb5 26. Qxb5 Nc3 27. Qb3 Bb4 28. Bb2
Qb6 29. Nc4 Qxd4 30. Nd6 a4 31. Bxc3 Qxc3 32. Qxa4 Bxd6 33. exd6 Qxg3 34. Rf4
Rc1 35. Rxf7 Rxf1+ 36. Rxf1 Rxf1+ 37. Bxf1 Qxh4+ 38. Kg1 Bxe4 39. Qa3 Qg5+ 40.
Kf2 Qd2+ 41. Be2 Qd4+ 42. Qe3 Qf6+ 43. Ke1 Qa1+ 44. Kf2 Qf6+ 45. Ke1 Bc6 46. Qb6
Qh4+ 47. Kd1 Qa4+ 48. Ke1 Qh4+ 49. Kd1 Qa4+ 50. Ke1 e5 51. Qc5 Qh4+ 52. Kd2 Qf4+
53. Ke1 Qh4+ 54. Kd2 Qf4+ 55. Ke1 Bd7 56. Qd5+ Kf8 57. Qa8+ Kf7 58. Bh5+ g6 59.
Qd5+ Kf6 60. Qg8 Qh4+ 61. Kd2 Qg5+ 62. Kc3 gxh5 63. Qf8+ Ke6 0-1

[Event "TCh-GEO Club 2016"]
[Site "Lagodekhi GEO"]
[Date "2016.09.25"]
[Round "4.4"]
[Board "3"]
[White "Paichadze, Luka"]
[Black "Kacharava, Nikolozi"]
[Result "1-0"]
[WhiteTitle "GM"]
[BlackTitle "FM"]
[WhiteElo "2559"]
[BlackElo "2085"]
[WhiteTeam "Kvemo Kartli - Rustavi"]
[BlackTeam "Racha-Lechkhumi - Ambrolauri"]
[WhiteFideId "13602934"]
[BlackFideId "13611860"]
[EventDate "2016.09.22"]

1. e4 c5 2. Nf3 d6 3. d4 cxd4 4. Qxd4 Nf6 5. Nc3 a6 6. Be3 Nc6 7. Qd2 e6 8.
O-O-O Be7 9. Bf4 b5 10. Bxd6 b4 11. e5 Bxd6 12. exf6 bxc3 13. Qxd6 cxb2+ 14. Kb1
Qxd6 15. Rxd6 Bb7 16. fxg7 Rg8 17. Nd4 Nxd4 18. Rxd4 Rxg7 19. Rg1 e5 20. Rh4 Rd8
21. Bd3 f5 22. Bxf5 Rd2 23. Rxh7 Rxh7 24. Bxh7 Rxf2 25. Re1 Rxg2 26. Rxe5+ Kd8
27. h4 Rh2 28. h5 Bf3 29. Bg6 Kc7 30. Kxb2 Kb6 31. a4 Kc6 32. Kb3 Bd1 33. Kb4
Kd6 34. Ra5 Bxc2 35. Bxc2 Rxc2 36. Rxa6+ Kc7 37. h6 Rh2 38. Rf6 Rh5 39. a5 Kb7
40. a6+ Ka7 41. Kc4 Rh1 42. Kd5 Rd1+ 43. Ke5 Re1+ 44. Kf5 Rg1 45. h7 Rh1 46. Kg6
Rg1+ 47. Kf7 1-0

[Event "TCh-GEO Club 2016"]
[Site "Lagodekhi GEO"]
[Date "2016.09.25"]
[Round "4.4"]
[Board "4"]
[White "Gavasheli, Ana"]
[Black "Khurtsidze, Nino"]
[Result "0-1"]
[WhiteTitle "WIM"]
[BlackTitle "IM"]
[WhiteElo "2198"]
[BlackElo "2398"]
[WhiteTeam "Racha-Lechkhumi - Ambrolauri"]
[BlackTeam "Kvemo Kartli - Rustavi"]
[WhiteFideId "13602586"]
[BlackFideId "13600320"]
[EventDate "2016.09.22"]

1. c4 e6 2. Nf3 d5 3. e3 Nf6 4. b3 c5 5. Bb2 Nc6 6. d3 d4 7. exd4 cxd4 8. g3 Bd6
9. Bg2 O-O 10. O-O e5 11. h3 Re8 12. Na3 h6 13. Nc2 Bf5 14. Nh4 Bh7 15. b4 Nxb4
16. Nxb4 Bxb4 17. Bxb7 Rb8 18. Bf3 Nd7 19. Rb1 Nc5 20. Be2 Qd7 21. Bg4 Qd8 22.
Bf5 g6 23. Bg4 g5 24. Nf5 Qf6 25. f4 gxf4 26. gxf4 Bxf5 27. fxe5 Bxg4 28. Qxg4+
Qg5 29. Qxg5+ hxg5 30. Bxd4 Nxd3 31. Bxa7 Ra8 32. Bd4 Rxa2 33. Rf3 Rd2 34. Rg3
Nf4 35. Rxg5+ Kf8 36. Be3 Nxh3+ 37. Kf1 Nxg5 38. Bxg5 Bc3 39. Bh6+ Kg8 0-1

[Event "TCh-GEO Club 2016"]
[Site "Lagodekhi GEO"]
[Date "2016.09.25"]
[Round "4.4"]
[Board "5"]
[White "Bortnyk, Olexandr"]
[Black "Metreveli, Lekso"]
[Result "1-0"]
[WhiteTitle "GM"]
[WhiteElo "2588"]
[BlackElo "1655"]
[WhiteTeam "Kvemo Kartli - Rustavi"]
[BlackTeam "Racha-Lechkhumi - Ambrolauri"]
[WhiteFideId "14120828"]
[BlackFideId "13618130"]
[EventDate "2016.09.22"]

1. e4 c5 2. Nf3 Nc6 3. Nc3 d6 4. g3 g6 5. Bg2 Bg7 6. O-O Nf6 7. d3 O-O 8. h3 a6
9. Bg5 h6 10. Be3 Bd7 11. Qd2 Kh7 12. Rae1 e5 13. Kh2 Nd4 14. Ng1 b5 15. f4 Rc8
16. Nd1 Ne8 17. c3 Nc6 18. Nf3 a5 19. d4 exd4 20. cxd4 c4 21. a3 a4 22. d5 Na5
23. Qf2 Rb8 24. Nc3 b4 25. axb4 Rxb4 26. e5 Qb8 27. Nd1 Bb5 28. Bd2 c3 29. Bxc3
Bxf1 30. Bxf1 Nb3 31. Bxb4 Qxb4 32. Ne3 Nd4 33. Nxd4 Qxd4 34. Rd1 Qc5 35. Ng4
Qxf2+ 36. Nxf2 dxe5 37. d6 exf4 38. gxf4 Nxd6 39. Rxd6 Bxb2 40. Nd3 Rb8 41. Rd7
Kg7 42. Bg2 a3 43. Bd5 Rf8 44. Nc5 Kf6 45. Rb7 1-0

[Event "TCh-GEO Club 2016"]
[Site "Lagodekhi GEO"]
[Date "2016.09.25"]
[Round "4.4"]
[Board "6"]
[White "Sidamonidze, Anastasia"]
[Black "Shamatava, Ana"]
[Result "1/2-1/2"]
[WhiteElo "1652"]
[BlackElo "2066"]
[WhiteTeam "Racha-Lechkhumi - Ambrolauri"]
[BlackTeam "Kvemo Kartli - Rustavi"]
[WhiteFideId "13611194"]
[BlackFideId "13601008"]
[EventDate "2016.09.22"]

1. e4 d6 2. d4 Nf6 3. Nc3 e5 4. Nf3 Nbd7 5. Bc4 Be7 6. O-O O-O 7. a4 c6 8. Re1
h6 9. h3 Qc7 10. Be3 Re8 11. a5 Nf8 12. d5 Bd7 13. Qd2 Ng6 14. Bb3 c5 15. Qe2
Nh5 16. Ba4 Nhf4 17. Qf1 Rf8 18. Bxd7 Qxd7 19. Qb5 Qc8 20. Bxf4 Nxf4 21. Ne2 Nh5
22. Ng3 Nxg3 23. fxg3 f5 24. exf5 Rxf5 25. Nd2 a6 26. Qd3 Qd7 27. Rf1 Raf8 28.
Rxf5 Rxf5 29. Ne4 Rf8 30. Nd2 Bd8 31. Nc4 Bc7 32. Qb3 Bd8 33. Qd3 Rf6 34. Nd2
Rf7 35. Nc4 Bc7 36. Nd2 Qe8 37. Ne4 Qd8 38. Qc3 Qd7 39. Qd3 Qd8 40. Qc3 Qd7 1/2-1/2

[Event "TCh-GEO Club 2016"]
[Site "Lagodekhi GEO"]
[Date "2016.09.26"]
[Round "5.1"]
[Board "1"]
[White "Volkov, Nika"]
[Black "Pantsulaia, Levan"]
[Result "0-1"]
[BlackTitle "GM"]
[WhiteElo "2102"]
[BlackElo "2601"]
[WhiteTeam "Racha-Lechkhumi - Ambrolauri"]
[BlackTeam "Tbilisi"]
[WhiteFideId "13604376"]
[BlackFideId "13602071"]
[EventDate "2016.09.22"]

1. Nf3 c5 2. g3 g6 3. Bg2 Bg7 4. e4 Nf6 5. Qe2 Nc6 6. O-O O-O 7. c3 e5 8. d4
cxd4 9. Rd1 d5 10. cxd4 dxe4 11. Nxe5 Nxd4 12. Qc4 Ng4 13. Qxd4 Qxd4 14. Rxd4
Nxe5 15. Rxe4 Bf5 16. Ra4 Rfe8 17. Be3 Nd3 18. Na3 Nxb2 19. Ra5 Rad8 20. Rf1 Bd3
21. Rc1 Ba6 22. Bf1 Bxf1 23. Kxf1 a6 24. Rc7 Nd1 25. Bg5 Rd3 26. Re7 Rxe7 27.
Bxe7 Rd7 28. Bg5 h6 29. Bf4 g5 30. Bc1 Nc3 31. Be3 Nxa2 32. Nc4 Nc3 33. Nb6 Rd1+
34. Kg2 Rb1 35. Rc5 Nd1 36. Rc8+ Kh7 37. Nd5 Nxe3+ 38. Nxe3 a5 39. Ra8 b6 40.
Nf5 Bc3 41. h4 gxh4 42. gxh4 h5 43. Ng3 Rb4 44. Nxh5 Rxh4 45. Ng3 a4 46. Kf3 Ba5 0-1

[Event "TCh-GEO Club 2016"]
[Site "Lagodekhi GEO"]
[Date "2016.09.26"]
[Round "5.1"]
[Board "2"]
[White "Janjghava, Lasha"]
[Black "Petriashvili, Nikoloz"]
[Result "1/2-1/2"]
[WhiteTitle "GM"]
[WhiteElo "2469"]
[BlackElo "2167"]
[WhiteTeam "Tbilisi"]
[BlackTeam "Racha-Lechkhumi - Ambrolauri"]
[WhiteFideId "13600087"]
[BlackFideId "13611216"]
[EventDate "2016.09.22"]

1. e4 c5 2. Nf3 d6 3. d4 cxd4 4. Nxd4 Nf6 5. Nc3 Nc6 6. Bg5 e6 7. Qd2 Be7 8.
O-O-O O-O 9. f4 Nxd4 10. Qxd4 Qa5 11. e5 dxe5 12. Qxe5 Qb6 13. Qe1 h6 14. Bh4
Qc7 15. Qe5 Qb6 16. Qe2 Rd8 17. Rxd8+ Qxd8 18. g3 Bd7 19. Bg2 Qb6 20. Rd1 Bc6
21. Bxc6 Qxc6 22. Qb5 Qxb5 23. Nxb5 a6 24. Bxf6 Bxf6 25. Nd6 Rd8 26. c3 Rd7 27.
Ne4 Rxd1+ 28. Kxd1 Be7 29. Ke2 g5 30. b4 Kg7 31. a3 f5 32. Nf2 Bd6 33. Nd3 Kf6
34. c4 gxf4 35. gxf4 b6 36. Ke3 e5 37. fxe5+ Bxe5 38. Nxe5 Kxe5 39. h4 a5 40.
bxa5 bxa5 41. h5 a4 42. c5 Kd5 43. Kf4 Kxc5 44. Kxf5 Kd5 45. Kg6 Ke6 46. Kxh6
Kf6 47. Kh7 Kf7 48. h6 Kf8 49. Kg6 Kg8 50. Kf5 Kh7 51. Ke4 Kxh6 52. Kd4 Kg6 53.
Kc4 Kf7 54. Kb4 Ke7 55. Kxa4 Kd7 56. Kb5 Kc7 1/2-1/2

[Event "TCh-GEO Club 2016"]
[Site "Lagodekhi GEO"]
[Date "2016.09.26"]
[Round "5.1"]
[Board "3"]
[White "Kacharava, Nikolozi"]
[Black "Sturua, Zurab"]
[Result "1/2-1/2"]
[WhiteTitle "FM"]
[BlackTitle "GM"]
[WhiteElo "2085"]
[BlackElo "2546"]
[WhiteTeam "Racha-Lechkhumi - Ambrolauri"]
[BlackTeam "Tbilisi"]
[WhiteFideId "13611860"]
[BlackFideId "13600095"]
[EventDate "2016.09.22"]

1. e4 c6 2. Nc3 d5 3. Nf3 dxe4 4. Nxe4 Nf6 5. Nxf6+ gxf6 6. d4 Bg4 7. Be2 e6 8.
Bf4 Nd7 9. O-O Nb6 10. Bg3 h5 11. h3 Bxf3 12. Bxf3 h4 13. Bh2 Bd6 14. Bxd6 Qxd6
15. c3 O-O-O 16. Re1 Rdg8 17. Qc2 Rg5 18. Kh1 Nd5 19. Bxd5 cxd5 20. Re2 Rhg8 21.
Rg1 R8g6 22. Qa4 Qd7 23. Qxa7 Qb5 24. Ree1 Rg8 25. a4 Qd3 26. Qc5+ Kd7 27. Qb5+
Qxb5 28. axb5 Kc7 29. b3 Kb6 30. c4 Rc8 31. Rc1 Rf5 32. f3 Rf4 33. Rgd1 Rd8 34.
cxd5 Rxd5 35. Rc8 e5 36. Rf8 Rfxd4 37. Rc1 Rd7 38. Rh8 Kxb5 39. Kh2 Kb4 40. Rh6
Rf4 41. Rh8 b5 42. Rb8 Rd5 43. Rb7 f5 44. Rxf7 Kxb3 45. Rb7 Kb2 46. Re1 Rc4 47.
Re2+ Rc2 48. Re3 Rc1 49. Re2+ Kb3 50. Re3+ Kc4 51. Re2 Rdd1 52. Rc7+ Kd5 53.
Rd7+ Ke6 54. Rxd1 Rxd1 55. Rb2 Rd5 56. g3 Kf6 57. gxh4 f4 58. h5 Kg5 59. h4+
Kxh5 60. Kh3 Rc5 61. Rb3 Rd5 62. Rb2 Rd3 63. Kg2 Kxh4 64. Rxb5 Rd2+ 65. Kf1 Kg3
66. Rxe5 Kxf3 67. Kg1 Rd1+ 68. Kh2 Kf2 69. Ra5 Rd2 70. Ra3 f3 71. Ra1 Re2 72.
Rb1 Ra2 73. Kh3 Ke3 74. Kg3 Ke2 75. Kh2 Kf2 76. Kh3 Re2 77. Kh2 Re1 78. Rb2+ Ke3
79. Rb3+ Kf4 80. Rb4+ Re4 81. Rb8 Re5 1/2-1/2

[Event "TCh-GEO Club 2016"]
[Site "Lagodekhi GEO"]
[Date "2016.09.26"]
[Round "5.1"]
[Board "4"]
[White "Gvetadze, Sofio"]
[Black "Gavasheli, Ana"]
[Result "1-0"]
[WhiteTitle "IM"]
[BlackTitle "WIM"]
[WhiteElo "2276"]
[BlackElo "2198"]
[WhiteTeam "Tbilisi"]
[BlackTeam "Racha-Lechkhumi - Ambrolauri"]
[WhiteFideId "13601440"]
[BlackFideId "13602586"]
[EventDate "2016.09.22"]

1. e4 d6 2. d4 e5 3. Nf3 exd4 4. Qxd4 Nc6 5. Bb5 Bd7 6. Bxc6 Bxc6 7. Nc3 Nf6 8.
Bg5 Be7 9. O-O-O O-O 10. Rhe1 Nd7 11. h4 Bf6 12. Qd2 h6 13. Bxf6 Qxf6 14. Nd4
Nc5 15. g4 Rfe8 16. g5 Qg6 17. f3 Rad8 18. Rg1 h5 19. Nce2 Ne6 20. Nf5 Kh8 21.
Ne3 Bb5 22. Nc3 Bc6 23. Qf2 Nc5 24. Ng2 Qh7 25. Nf4 Ne6 26. Nxe6 fxe6 27. g6
Qh6+ 28. f4 Rf8 29. Rg5 Be8 30. Rdg1 Rf6 31. Qg3 c6 32. Kb1 Kg8 33. f5 exf5 34.
exf5 Bd7 35. Ne4 Rxf5 36. Qxd6 Rdf8 37. b3 Bc8 38. Qe7 Rf4 39. Nd6 Bg4 40. Qxb7
R4f6 41. Nf7 R6xf7 42. gxf7+ Rxf7 43. Qb8+ Kh7 44. Re1 g6 45. Re8 Qg7 46. Rge5
Bd7 47. Rd8 Rf1+ 48. Kb2 Rf5 49. Rxd7 Qxd7 50. Re4 Qg7+ 51. c3 Rf2+ 52. Ka3 Rf7
53. Qe8 c5 54. Re5 Rc7 55. c4 Qf6 56. Re6 Qf5 57. Rd6 Qf7 58. Qe5 Qg7 59. Qg5
Qf7 60. Qe5 Qg7 61. Qe4 Re7 62. Qc6 Rc7 63. Qd5 Qf7 64. Qd3 Qg7 65. Rd5 Rc6 66.
Rxh5+ Kg8 67. Qd8+ Kf7 68. Qd7+ Kg8 69. Qe8+ 1-0

[Event "TCh-GEO Club 2016"]
[Site "Lagodekhi GEO"]
[Date "2016.09.26"]
[Round "5.1"]
[Board "5"]
[White "Metreveli, Lekso"]
[Black "Sibashvili, Giorgi"]
[Result "0-1"]
[BlackTitle "IM"]
[WhiteElo "1655"]
[BlackElo "2347"]
[WhiteTeam "Racha-Lechkhumi - Ambrolauri"]
[BlackTeam "Tbilisi"]
[WhiteFideId "13618130"]
[BlackFideId "13602799"]
[EventDate "2016.09.22"]

1. d4 Nf6 2. c4 e6 3. Nf3 c5 4. e3 d5 5. Nc3 Nc6 6. cxd5 exd5 7. Be2 a6 8. O-O
Bd6 9. dxc5 Bxc5 10. b3 O-O 11. Bb2 Ba7 12. Rc1 Qd6 13. Qc2 Bg4 14. Rfd1 Rad8
15. Ng5 Nb4 16. Qb1 h6 17. Nce4 Nxe4 18. Nxe4 Qe6 19. Bxg4 Qxg4 20. Ng3 Nc6 21.
Qf5 Qxf5 22. Nxf5 f6 23. Ba3 Rf7 24. Nd6 Rfd7 25. Rxd5 Ne7 26. Rd2 Nf5 27. Rcd1
Nxe3 28. fxe3 Bxe3+ 29. Kf1 Bxd2 30. Rxd2 f5 31. Kf2 Kh7 32. Kf3 g5 33. g3 Kg6
34. h3 Re8 35. Kf2 Re6 36. Nc4 Rxd2+ 37. Nxd2 g4 38. hxg4 fxg4 39. Bc5 Rc6 40.
Bb4 Kf5 41. a4 b5 42. axb5 axb5 43. Ke3 h5 44. Kd4 h4 45. gxh4 g3 46. Kd5 Rc1
47. Nc4 bxc4 48. bxc4 Rd1+ 49. Kc6 Rd4 0-1

[Event "TCh-GEO Club 2016"]
[Site "Lagodekhi GEO"]
[Date "2016.09.26"]
[Round "5.1"]
[Board "6"]
[White "Choladze, Mariami"]
[Black "Sidamonidze, Anastasia"]
[Result "1-0"]
[WhiteTitle "WFM"]
[WhiteElo "2032"]
[BlackElo "1652"]
[WhiteTeam "Tbilisi"]
[BlackTeam "Racha-Lechkhumi - Ambrolauri"]
[WhiteFideId "13600931"]
[BlackFideId "13611194"]
[EventDate "2016.09.22"]

1. e4 e5 2. Nf3 Nc6 3. Bb5 a6 4. Ba4 Nf6 5. O-O b5 6. Bb3 Be7 7. Re1 O-O 8. a4
b4 9. d3 d6 10. Nbd2 Na5 11. Ba2 c5 12. c3 Nc6 13. Nc4 a5 14. h3 Re8 15. Ne3 Be6
16. Bb1 Qb6 17. Bc2 Bf8 18. Nh2 d5 19. exd5 Nxd5 20. Qf3 Rad8 21. Nc4 Qc7 22.
Bd2 f5 23. Rad1 Nf6 24. Bg5 e4 25. Qe2 exd3 26. Bxd3 Qf7 27. Ne3 Bb3 28. Rc1 g6
29. Bb5 Rc8 30. cxb4 axb4 31. Nf3 h6 32. Bxf6 Qxf6 33. Qd3 Bf7 34. Nc4 Red8 35.
Qc2 Nd4 36. Nxd4 Rxd4 37. Ne5 Bd5 38. Nd7 Qd6 39. a5 Bf7 40. Nb6 Rd8 41. Bc4 Qf6
42. Qb3 Bxc4 43. Nxc4 Kg7 44. Ne5 Ra8 45. Nf3 Re4 46. Qd5 Rxa5 47. Rxe4 fxe4 48.
Ne5 Ra7 49. Re1 Bd6 50. Ng4 Qd4 51. Qc6 Rc7 52. Qa4 Qxb2 53. Rd1 Be7 54. Qe8 Qc2
55. Ra1 Bf8 56. Qe5+ 1-0

[Event "TCh-GEO Club 2016"]
[Site "Lagodekhi GEO"]
[Date "2016.09.26"]
[Round "5.2"]
[Board "1"]
[White "Jojua, Davit"]
[Black "Gelashvili, Tamaz"]
[Result "1/2-1/2"]
[WhiteTitle "GM"]
[BlackTitle "GM"]
[WhiteElo "2590"]
[BlackElo "2575"]
[WhiteTeam "Adchara - Nona"]
[BlackTeam "Kvemo Kartli - Rustavi"]
[WhiteFideId "13602543"]
[BlackFideId "13600702"]
[EventDate "2016.09.22"]

1. d4 Nf6 2. c4 c5 3. d5 d6 4. Nc3 g6 5. e4 Bg7 6. h3 O-O 7. Bd3 Na6 8. Nf3 e5
9. g4 Nc7 10. Bg5 a6 11. a4 Bd7 12. a5 Rb8 13. Rg1 b5 14. axb6 Rxb6 15. b3 Kh8
16. Bc2 Qe8 17. Ne2 Ng8 18. Ng3 Bh6 19. Bxh6 Nxh6 20. Qd2 Ng8 21. Qc3 Qe7 22.
Ke2 Ne8 23. Rgb1 Ng7 24. b4 cxb4 25. Rxb4 Rxb4 26. Qxb4 Bc8 27. c5 dxc5 28. Qc3
f5 29. g5 fxe4 30. Bxe4 Bxh3 31. Nxe5 Qxg5 32. Rh1 Bg4+ 33. Kf1 Ne7 34. d6 Nef5
35. d7 Qf6 36. Bxf5 Bxf5 37. Nxf5 Qxf5 38. Qxc5 Kg8 39. Rh4 Ne6 40. Qe3 Rb8 41.
Rc4 Rb1+ 42. Kg2 Rd1 43. Ng4 Qd5+ 44. Re4 Qc6 45. Qf3 Rd4 46. Rxd4 Qxf3+ 47.
Kxf3 Nxd4+ 48. Ke4 Ne6 49. Kd5 Kf7 50. Kd6 Nd8 51. Ne5+ Kf6 52. Ng4+ Kf5 53.
Nh6+ Kf6 54. Kc7 Ne6+ 55. Kd6 Nd8 56. Kc7 Ne6+ 1/2-1/2

[Event "TCh-GEO Club 2016"]
[Site "Lagodekhi GEO"]
[Date "2016.09.26"]
[Round "5.2"]
[Board "2"]
[White "Sanikidze, Tornike"]
[Black "Maghalashvili, Davit"]
[Result "1/2-1/2"]
[WhiteTitle "GM"]
[BlackTitle "GM"]
[WhiteElo "2497"]
[BlackElo "2490"]
[WhiteTeam "Kvemo Kartli - Rustavi"]
[BlackTeam "Adchara - Nona"]
[WhiteFideId "13602608"]
[BlackFideId "13602276"]
[EventDate "2016.09.22"]

1. e4 c5 2. Nf3 d6 3. d4 cxd4 4. Qxd4 a6 5. h3 Nc6 6. Qe3 g6 7. c4 Bg7 8. Be2
Nf6 9. O-O O-O 10. Nc3 Nd7 11. Rb1 a5 12. b3 Nc5 13. Bb2 f5 14. exf5 Bxf5 15.
Rbd1 a4 16. bxa4 Qb6 17. Qd2 Ne4 18. Qc1 Ng3 19. Rfe1 Bxh3 20. Ba1 Nxe2+ 21.
Rxe2 Rxf3 22. gxf3 Nd4 23. Re3 Rf8 24. Nd5 Qc5 25. Rxe7 Nxf3+ 26. Kh1 Ne5 27.
Bd4 Qc8 28. Qg5 Qxc4 29. Rxg7+ Kxg7 30. Bxe5+ dxe5 31. Qxe5+ Kg8 32. Nf6+ Kf7
33. Ne4 Kg8 34. Nf6+ Kf7 35. Nxh7 Qc6+ 36. Qd5+ Qxd5+ 37. Rxd5 Rh8 38. Ng5+ Ke7
39. Nxh3 Rxh3+ 40. Kg2 Ra3 41. Rb5 Rxa4 42. Rxb7+ Ke6 43. Rb2 Ra3 44. Kf1 Ke5
45. Ke2 g5 46. Kd2 Kf4 47. Ke2 Ke5 1/2-1/2

[Event "TCh-GEO Club 2016"]
[Site "Lagodekhi GEO"]
[Date "2016.09.26"]
[Round "5.2"]
[Board "3"]
[White "Shanava, Konstantine"]
[Black "Paichadze, Luka"]
[Result "1/2-1/2"]
[WhiteTitle "GM"]
[BlackTitle "GM"]
[WhiteElo "2545"]
[BlackElo "2559"]
[WhiteTeam "Adchara - Nona"]
[BlackTeam "Kvemo Kartli - Rustavi"]
[WhiteFideId "13601784"]
[BlackFideId "13602934"]
[EventDate "2016.09.22"]

1. e4 c6 2. Nc3 d5 3. Nf3 dxe4 4. Nxe4 Nd7 5. d4 Ngf6 6. Nxf6+ Nxf6 7. Bc4 Bf5
8. O-O e6 9. c3 Bd6 10. Re1 Qc7 11. Ne5 h6 12. Qf3 O-O 13. g4 Bxe5 14. gxf5
Bxh2+ 15. Kg2 Bd6 16. Rh1 Rae8 17. Bg5 Nh7 18. Bxh6 gxh6 19. Rxh6 f6 20. Rah1
Re7 21. Bxe6+ Kh8 22. R1h4 Rg7+ 23. Rg6 Re8 24. Qg4 Rxe6 25. fxe6 Rxg6 26. Qxg6
Qg7 27. Qxg7+ Kxg7 28. d5 cxd5 29. Rd4 Be7 30. f4 f5 31. Rxd5 Nf8 32. Rxf5 Nxe6
33. Kf3 Kg6 34. Ra5 Bc5 35. f5+ Kxf5 36. b4 b6 37. Rxa7 Bd6 38. Ke3 Ke5 39. Rh7
Kd5 40. Kd3 Nf4+ 41. Kc2 b5 42. Kb3 Be5 43. Rh2 Nd3 44. Rd2 Ke4 45. Re2+ Kd5 46.
Re3 Nf2 47. Rf3 Ne4 48. Rd3+ Kc6 49. c4 bxc4+ 50. Kxc4 Nd6+ 51. Kb3 Bf6 52. Rh3
Bd4 53. Rh5 Be3 54. a4 Bf2 55. Rh2 Be3 56. Rc2+ Kb6 57. Re2 Bf4 58. Re1 Kc6 59.
Rf1 Be3 60. Rf3 Bd4 61. Rd3 Be5 62. Rd2 Nb7 63. Rc2+ Kb6 64. Re2 Bd6 65. Re6 Kc7
66. Kc4 Nd8 67. Rh6 Nc6 68. b5 Na5+ 69. Kd5 Bb4 70. Rh4 Be1 71. Rh2 Kb6 72. Re2
Bb4 73. Re4 Bd2 74. Re6+ Kb7 75. Kc5 Nb3+ 76. Kc4 Na5+ 77. Kd3 Bb4 78. Re4 Bd6
79. Rd4 Bc5 80. Rf4 Bd6 81. Rd4 1/2-1/2

[Event "TCh-GEO Club 2016"]
[Site "Lagodekhi GEO"]
[Date "2016.09.26"]
[Round "5.2"]
[Board "4"]
[White "Khurtsidze, Nino"]
[Black "Melia, Salome"]
[Result "1/2-1/2"]
[WhiteTitle "IM"]
[BlackTitle "IM"]
[WhiteElo "2398"]
[BlackElo "2419"]
[WhiteTeam "Kvemo Kartli - Rustavi"]
[BlackTeam "Adchara - Nona"]
[WhiteFideId "13600320"]
[BlackFideId "13602446"]
[EventDate "2016.09.22"]

1. d4 Nf6 2. c4 e6 3. Nc3 Bb4 4. Qc2 d6 5. Nf3 Nbd7 6. Bg5 O-O 7. e3 b6 8. Be2
Bb7 9. O-O Bxc3 10. Qxc3 Ne4 11. Bxd8 Nxc3 12. bxc3 Rfxd8 13. Rfd1 Rac8 14. Kf1
Nf6 15. Nd2 Ne4 16. Nxe4 Bxe4 17. f3 Bc2 18. Rd2 Ba4 19. Bd1 Bc6 20. Be2 Ba4 21.
Bd1 Bc6 22. Be2 Ba4 1/2-1/2